Coupe du Monde 1954: Un joueur, une équipe - Statistiques

Statistiques générales
  • Ce quiz a été pris 28 fois
    27 depuis la dernière actualisation
  • Le résultat moyen est 15 sur 16
Statistiques - réponses
Réponse % Correct
Allemagne de l'Ouest
100%
Belgique
100%
Brésil
100%
Corée du Sud
100%
France
100%
Hongrie
100%
Italie
96%
Turquie
96%
Yougoslavie
96%
Mexique
93%
Angleterre
89%
Ecosse
89%
Tchécoslovaquie
89%
Suisse
85%
Uruguay
85%
Autriche
81%
Aucun quiz correspondant
Distribution des résultats
% des personnes avec chaque résultat
Percentile par nombre de réponses
Votre historique - résultats
Vous n’avez pas pris ce quiz depuis la dernière actualisation